Introduction to geomorphology / (Record no. 37843)

MARC details
000 -LEADER
fixed length control field 00706nam a22002057a 4500
005 - DATE AND TIME OF LATEST TRANSACTION
control field 20100727104913.0
010 ## - LCCN (DPL NO)
LC control number ENG-97111
020 ## - INTERNATIONAL STANDARD BOOK NUMBER
International Standard Book Number 9788171325412
Terms of availability 400.00
035 ## - SYSTEM CONTROL NUMBER
System control number EN-80644
037 ## - SOURCE OF ACQUISITION
Source of stock number/acquisition DBAD/PUB
082 ## - DEWEY DECIMAL CLASSIFICATION NUMBER
Classification number 551.4
100 ## - MAIN ENTRY--PERSONAL NAME
Personal name Agrawal, L.C.
245 ## - TITLE STATEMENT
Title Introduction to geomorphology /
Statement of responsibility, etc by L.C Agrawal
260 ## - PUBLICATION, DISTRIBUTION, ETC. (IMPRINT)
Place of publication, distribution, etc Jaipur
Name of publisher, distributor, etc Pointer Publisher
Date of publication, distribution, etc 2008
270 ## - ADDRESS
Address 807,Vyas Building,Chaura rasta
City Jaipur
Postal code 302003
300 ## - PHYSICAL DESCRIPTION
Extent xiv,128p.
Dimensions 23cm (Hb)
700 ## - ADDED ENTRY--PERSONAL NAME
Personal name Razdan, Meghna
9 (RLIN) 1608
942 ## - ADDED ENTRY ELEMENTS (KOHA)
Source of classification or shelving scheme Dewey Decimal Classification
Item type English Books
Classification part 551.4
Call number suffix AGR
Holdings
Withdrawn status Lost status Not for loan Collection code Home library Current library Date acquired Source of acquisition Cost, normal purchase price Full call number Barcode Copy number Cost, replacement price Koha item type
    Not For Loan Non-fiction D.B.Act.Division D.B.Act.Division 27/07/2010 DBAD/PUB 400.00 551.4 AGR EN-80644 1 400.00 English Books

© Delhi Public Library
Hit Counter
free hit counter